000
00248nam a22001097a 4500
082
_a
531.112 HIN'K
100
_a
HINKLL, ROLLAND T
_9
59744
245
_a
KINEMATICS OF MACHINES
260
_a
USA
_b
PRENTICE HALL
_c
1953
300
_a
231P
942
_c
BK
999
_c
569646
_d
569646